|
|
|
|
| LEADER |
00000nam0a2200000 4500 |
| 001 |
335727 |
| 005 |
20231102004801.0 |
| 035 |
|
|
|a (RuTPU)RU\TPU\book\362139
|
| 035 |
|
|
|a RU\TPU\book\362138
|
| 090 |
|
|
|a 335727
|
| 100 |
|
|
|a 20171002d1922 km y0rusy50 ca
|
| 101 |
1 |
|
|a rus
|
| 102 |
|
|
|a RU
|
| 105 |
|
|
|a a j 000zy
|
| 200 |
1 |
|
|a Аналитическая геометрия
|f О. Любек
|g пер. М. Каплан
|
| 205 |
|
|
|a пер. нем.
|
| 210 |
|
|
|a Берлин
|c Т-во Гликсман
|d 1922
|
| 215 |
|
|
|a 103 с.
|c черт.
|
| 225 |
1 |
|
|a Научная библиотека Гликсман
|
| 300 |
|
|
|a Переведено на русский язык с разрешения Политехнического издательства Max Hittenkofer в Стрелице
|
| 300 |
|
|
|a На тит. л. штамп с надписью: Принесено в дар студентами разных стран студентам России через посредство Европейской студенсекой помощи
|
| 606 |
|
|
|a Аналитическая геометрия
|2 stltpush
|3 (RuTPU)RU\TPU\subj\28991
|9 52410
|
| 610 |
1 |
|
|a математика
|
| 610 |
1 |
|
|a геометрия
|
| 610 |
1 |
|
|a параллельные координаты
|
| 610 |
1 |
|
|a положение точек на плоскости
|
| 610 |
1 |
|
|a прямая
|
| 610 |
1 |
|
|a уравнение прямой
|
| 610 |
1 |
|
|a окружность
|
| 610 |
1 |
|
|a уравнение окружности
|
| 610 |
1 |
|
|a парабола
|
| 610 |
1 |
|
|a уравнение вершины параболы
|
| 610 |
1 |
|
|a элипс
|
| 610 |
1 |
|
|a гипербола
|
| 675 |
|
|
|a 514.12
|v 4
|
| 700 |
|
1 |
|a Любек
|b О.
|
| 702 |
|
1 |
|a Каплан
|b М.
|4 730
|
| 801 |
|
1 |
|a RU
|b 63413507
|c 20171002
|
| 801 |
|
2 |
|a RU
|b 63413507
|c 20171002
|g RCR
|
| 942 |
|
|
|c BK
|